Central Library OPAC University of Rajshahi

কালান্তরের উক্তি ও উপলব্ধি / (Record no. 38426)

MARC details
000 -LEADER
fixed length control field 00820nam a22002177a 4500
001 - CONTROL NUMBER
control field 38426
003 - CONTROL NUMBER IDENTIFIER
rucl marc code BD-RjUL
005 - DATE AND TIME OF LATEST TRANSACTION
control field 20211209052808.0
008 - FIXED-LENGTH DATA ELEMENTS--GENERAL INFORMATION
fixed length control field 151130s2003 bg ||||| |||| 00| 0 ben d
035 ## - SYSTEM CONTROL NUMBER
System control number (BD-RjUL)38531
040 ## - CATALOGING SOURCE
Original cataloging agency BD-RjUL
Language of cataloging ben
Transcribing agency BD-RjUL
041 ## - LANGUAGE CODE
Language code of text/sound track or separate title ben
082 ## - DEWEY DECIMAL CLASSIFICATION NUMBER
Classification number 891.444
Author mark and year IQK 2003
100 ## - MAIN ENTRY--PERSONAL NAME
Personal name ইকবাল, শহীদ
9 (RLIN) 117018
245 ## - TITLE STATEMENT
Title কালান্তরের উক্তি ও উপলব্ধি /
Statement of responsibility, etc. শহীদ ইকবাল.
260 ## - PUBLICATION, DISTRIBUTION, ETC. (IMPRINT)
Place of publication, distribution, etc. ঢাকা :
Name of publisher, distributor, etc. ফয়জুল এণ্ড সন্স, রাজশাহী বিশ্ববিদ্যালয়,
Date of publication, distribution, etc. ২০০৩.
300 ## - PHYSICAL DESCRIPTION
Pagination ১২৯ পৃ. ;
Size ২২ সেমি.
650 ## - SUBJECT ADDED ENTRY--TOPICAL TERM
Topical term or geographic name as entry element বাংলা প্রবন্ধ
9 (RLIN) 118695
Topical term or geographic name as entry element Bengali essays
9 (RLIN) 118696
942 ## - ADDED ENTRY ELEMENTS (KOHA)
Source of classification or shelving scheme Dewey Decimal Classification
Koha item type Books
Holdings
Lost status Source of classification or shelving scheme Damaged status Not for loan Collection code Permanent Location Current Location Shelving location Date acquired Source of acquisition Cost, normal purchase price Total Checkouts Full call number Date last seen Copy number Koha item type Date checked out
  Dewey Decimal Classification   Not For Loan Non-fiction Central Library, University of Rajshahi Central Library, University of Rajshahi Reading Room 31/08/2003 রা. বি. বাংলা বিভাগ 100.00   B 891.444 IQK 2003 30/11/2015 C-8 Books  
  Dewey Decimal Classification     Non-fiction Central Library, University of Rajshahi Central Library, University of Rajshahi   31/08/2003 রা. বি. বাংলা বিভাগ 100.00   B 891.444 IQK 2003 30/11/2015 C-2 Books  
  Dewey Decimal Classification     Non-fiction Central Library, University of Rajshahi Central Library, University of Rajshahi   31/08/2003 রা. বি. বাংলা বিভাগ 100.00 2 B 891.444 IQK 2003 23/12/2015 C-3 Books 21/12/2015
  Dewey Decimal Classification     Non-fiction Central Library, University of Rajshahi Central Library, University of Rajshahi   31/08/2003 রা. বি. বাংলা বিভাগ 100.00   B 891.444 IQK 2003 30/11/2015 C-4 Books  
  Dewey Decimal Classification     Non-fiction Central Library, University of Rajshahi Central Library, University of Rajshahi   31/08/2003 রা. বি. বাংলা বিভাগ 100.00 1 B 891.444 IQK 2003 13/03/2018 C-5 Books 07/03/2018
  Dewey Decimal Classification     Non-fiction Central Library, University of Rajshahi Central Library, University of Rajshahi   31/08/2003 রা. বি. বাংলা বিভাগ 100.00 2 B 891.444 IQK 2003 05/04/2018 C-6 Books 19/03/2018
  Dewey Decimal Classification     Non-fiction Central Library, University of Rajshahi Central Library, University of Rajshahi   31/08/2003 Bangla Department, RU 100.00 1 B 891.444 IQK 2003 21/05/2017 C-7 Books 06/05/2017
  Dewey Decimal Classification     Non-fiction Central Library, University of Rajshahi Central Library, University of Rajshahi   31/08/2003 Bangla dept. R.U 100.00   B 891.444 IQK 2003 31/01/2017 C-1 Books